JOURNAL OF HUMAN VALUES (Record no. 29882)

MARC details
000 -LEADER
fixed length control field 00250nam a22001217a 4500
003 - CONTROL NUMBER IDENTIFIER
control field SGT
082 ## - DEWEY DECIMAL CLASSIFICATION NUMBER
Item number BHU
100 ## - MAIN ENTRY--PERSONAL NAME
Personal name BHUYAN, NISIGANDHA
245 ## - TITLE STATEMENT
Title JOURNAL OF HUMAN VALUES
260 ## - PUBLICATION, DISTRIBUTION, ETC. (IMPRINT)
Place of publication, distribution, etc INDIA
Name of publisher, distributor, etc SAGE
Year of Publication 2022-23
300 ## - PAGE DESCRIPTION
No. of Pages 273
942 ## - ADDED ENTRY ELEMENTS (KOHA)
Source of classification or shelving scheme Dewey Decimal Classification
Koha item type Back Volumes
Holdings
Withdrawn status Lost status Source of classification or shelving scheme Damaged status Not for loan Home library Current library Shelving location Date acquired Volume Information (Serial or Books or Non-Book Material) SGTU Total Checkouts Full call number Accession No. (Barcode) Date last seen Bill Date Koha item type
    Dewey Decimal Classification   Not For Loan SGT Science & Social Sciences Library SGT Science & Social Sciences Library Reference Book 18/02/2025 28-29 SGTU   BHU AP184 18/02/2025 18/02/2025 Back Volumes
    Dewey Decimal Classification   Not For Loan SGT Science & Social Sciences Library SGT Science & Social Sciences Library Reference Book 18/02/2025 28-29 SGTU   BHU AP185 18/02/2025 18/02/2025 Back Volumes